000 00636cab a2200241 4500
001 WB2830-49
008 090401t1992 xxu||||| |||| 00| 0 eng d
035 _a(Sirsi) u68951
041 _aeng
245 _aSavills losses
260 _c1992
350 _a0
490 _aTimes
_v24 July 1992, 18
490 _aIndependent
_v24 July 1992, 25(1)
520 _aSavills reports a loss for the second year running.
650 _aABOUT RICS-RICS MEMBERS
650 _aRECESSION
650 _aRESULTS
650 _aSAVILLS
690 _aMANAGEMENT-BUSINESS MANAGEMENT-PROFESSIONAL PRACTICE
942 _n0
948 _c04/03/1997
999 _c43294
_d43294